000 00476nam a2200193Ia 4500
005 20250923150323.0
008 008 250917s9999 xx 000 0 eng d
037 _aTextual
040 _aDSWL
_beng
_cDSWL
041 _aeng
_2eng
084 _qDSWL
245 0 _aSocial work and social development
_cEd.by Sweta Singh
260 _aJaipur
_bRawat
_c2013
300 _a444p.
365 _aINR
_b1250
925 _g1250
942 _cTEXL
999 _c1462134
_d1462134